000 00300nam a22001337a 4500
008 171010b xxu||||| |||| 00| 0 eng d
020 _a9780192800817
041 _aeng
080 _22nd
_a316
100 _a50
101 _aSOC
245 _aA DICTIONARY OF SOCIOLOGY
_cMARSHALL,G
942 _2udc
_cBK
999 _c32806
_d32806